00434nam a2200169 a 450000100060000000300090000600800410001502000150005604000280007108200180009910000270011724500280014426000490017230000110022149000140023265000180024620059CO-ViMGA141112s2004 ck r 000 u spa d a8466600000 aCO-ViMGAbspacCO-ViMGA04a891.853 S454s1 aSinger, Isaac Bashevis10aSombras sobre el Hudson aBarcelona : bEdiciones B, cGrupo Z, c2000 a733 p. aAfluentes14aNOVELA POLACA